Land reform and sustainable development / (Record no. 121375)
[ view plain ]
| 000 -LEADER | |
|---|---|
| fixed length control field | 03428cam a2200253 a 4500 |
| 001 - CONTROL NUMBER | |
| control field | 013664028 |
| 003 - CONTROL NUMBER IDENTIFIER | |
| control field | UkOxU |
| 005 - DATE AND TIME OF LATEST TRANSACTION | |
| control field | 20230215110236.0 |
| 008 - FIXED-LENGTH DATA ELEMENTS--GENERAL INFORMATION | |
| fixed length control field | 230215s1999 enka 001 0 eng d |
| 020 ## - INTERNATIONAL STANDARD BOOK NUMBER | |
| International Standard Book Number | 9780754610526 |
| 082 0# - DEWEY DECIMAL CLASSIFICATION NUMBER | |
| Classification number | 333.31 |
| Edition number | 21 |
| 245 00 - TITLE STATEMENT | |
| Title | Land reform and sustainable development / |
| Statement of responsibility, etc. | edited by Robert W. Dixon-Gough. |
| 260 ## - PUBLICATION, DISTRIBUTION, ETC. | |
| Place of publication, distribution, etc. | Aldershot : |
| Name of publisher, distributor, etc. | Ashgate, |
| Date of publication, distribution, etc. | 1999. |
| 300 ## - PHYSICAL DESCRIPTION | |
| Extent | xi, 305 p. : |
| Other physical details | ill. ; |
| Dimensions | 23 cm. |
| 504 ## - BIBLIOGRAPHY, ETC. NOTE | |
| Bibliography, etc. note | Includes bibliographical references and index. |
| 520 ## - SUMMARY, ETC. | |
| Summary, etc. | Comparison between the state of land reform in 1999 and sustainable development across greater Europe. The chapters are broadly divided into those related to the established systems of land reform and sustainable development encountered in Western Europe, and those which concentrate upon the evolving systems which are currently in the process of development in the former communist states of Eastern and Central Europe. The book is based on the papers presented at the 21st International Symposium of the European Faculty of Land Use and Development. |
| 520 ## - SUMMARY, ETC. | |
| Summary, etc. | 1. Land Reform: the Key to Sustainable Development. R. W. Dixon-Gough. 2. The Naturalists’ Dilemma and some Ecological Consequences for Development. H. Lenk. 3. Ecological Land Development and Multidisciplinary Research. G. Leidig. 4. Recent Developments in Multifunctional Rural Land Development in The Netherlands with Respect to Legal Instruments. J.K.B. Sonnenberg. 5. Sustainable Development and Land Consolidation. A. van den Brink. 6. Public and Legally-Binding Databases for Natural Resources. G. Stolitzka and R. Mansberger. 7. Geographical Informational Systems and Environmental Modelling for Sustainable Development. A. Brimicombe. 8. Institutional Systems of Agrarian Reform. P. Trappe. 9. The Necessary Foundations of Land Reform: Some Painful Post-Soviet Experiences. C. Arnison. 10. The Privatisation and Restitution Process in the Czech Republic. J. Rydval and I. Pesl. 11. Conceptions of Rural Planning Following Land Privatisation in Hungary. J. Nyiri and R. W. Rixon-Dough. 12. Land Tenure and Land Reform in South Dobrudja (North East Bulgaria). G. Andonov, M. Rizov and K. Batanov. 13. Land Reform and the Land Market in Bulgaria. G. Andonov and M. Rizov. 14. Sustainability as a Principle in Spatial Development? Questions for Policy and Education. F.B. Rosman. 15. Spatial Planning – a Key to Sustainability? G. Weber. 16. Integrated Agrarian Structures and Regional Development. E.C. Läpple. 17. The Ecological Scores Model of Lower Austria – a Programme to Foster Sustainable Cultural Landscape Development? W. Seher. 18. The Alpine Waterscape – Sustainable Tourism and Industrial Development in Lago d’Iseo. W. G. O. Zwirner. 19. Marinas and Sustainable Development: Making the Most out of Marinas. D. Williams. 20. Realisation of New Urban Areas and Sustainable Development. H. W. de Wolff. 21. The Railway Town: a Case Study in Sustainable Urban Development. R. W. Dixon-Gough. 22. Violence and the Urban Environment – Reform and Development of the Housing Stock. D. C. Doughty. 23. Sustainable Development in the Thames Gateway. R. Home. 24. Reclamation of Abandoned Land Leading to Sustainable Development. R. K. Bullard. |
| 650 #0 - SUBJECT ADDED ENTRY--TOPICAL TERM | |
| Topical term or geographic name entry element | Land reform |
| 650 #0 - SUBJECT ADDED ENTRY--TOPICAL TERM | |
| Topical term or geographic name entry element | Sustainable development |
| 700 1# - ADDED ENTRY--PERSONAL NAME | |
| Personal name | Dixon-Gough, R. W. |
| 760 ## - MAIN SERIES ENTRY | |
| Edition | 1st |
| 830 #0 - SERIES ADDED ENTRY--UNIFORM TITLE | |
| Uniform title | International land management series |
| 942 ## - ADDED ENTRY ELEMENTS (KOHA) | |
| Source of classification or shelving scheme | Dewey Decimal Classification |
| Withdrawn status | Lost status | Source of classification or shelving scheme | Damaged status | Not for loan | Home library | Current library | Shelving location | Date acquired | Total Checkouts | Full call number | Date last seen | Price effective from | Koha item type |
|---|---|---|---|---|---|---|---|---|---|---|---|---|---|
| Dewey Decimal Classification | London | London | Books | 15/02/2023 | 333.31 | 15/02/2023 | 15/02/2023 | Book |